Life in Mexico during a residence of two years in that country (Record no. 6073)

MARC details
000 -CABECERA
campo de control de longitud fija 00894nam a2200253 a 4500
001 - NÚMERO DE CONTROL
campo de control BRCA_6387
005 - FECHA Y HORA DE LA ÚLTIMA TRANSACCIÓN
campo de control 20190320205432.0
008 - DATOS DE LONGITUD FIJA--INFORMACIÓN GENERAL
campo de control de longitud fija 250709s1843----u--a---###---#000-0#eng-#
041 ## - CÓDIGO DE LENGUA
Código de lengua del texto/banda sonora o título independiente eng
044 ## - CÓDIGO DEL PAÍS DE LA ENTIDAD EDITORA/PRODUCTORA
Código MARC del país u
050 #4 - SIGNATURA TOPOGRÁFICA DE LA BIBLIOTECA DEL CONGRESO
Número de clasificación F1213
Número de documento/Ítem .C35 4 1843
100 1# - ENTRADA PRINCIPAL--NOMBRE DE PERSONA
Nombre de persona Calderón de la Barca, Frances Erskine Inglis
Fechas asociadas al nombre 1804-1882
9 (RLIN) 9129
245 10 - MENCIÓN DE TÍTULO
Título Life in Mexico during a residence of two years in that country
Mención de responsabilidad, etc. by Mme. C. de la B.
260 ## - PUBLICACIÓN, DISTRIBUCIÓN, ETC.
Lugar de publicación, distribución, etc. Boston, Massachusetts
Nombre del editor, distribuidor, etc. Charles. C. Little and James Brown
Fecha de publicación, distribución, etc. 1843
300 ## - DESCRIPCIÓN FÍSICA
Extensión xi, 427 p. (v.2)
Otras características físicas il.
Dimensiones 21 cm.
500 ## - NOTA GENERAL
Nota general Incluye glosario de palabras españolas o mexicanas
500 ## - NOTA GENERAL
Nota general Ver también B97 (v.1), C15 (3a ed. 1910) y C135 (2a ed. 1907)
500 ## - NOTA GENERAL
Nota general CEF80
650 14 - PUNTO DE ACCESO ADICIONAL DE MATERIA--TÉRMINO DE MATERIA
Término de materia o nombre geográfico como elemento de entrada Viajeros ingleses
9 (RLIN) 7018
651 #4 - PUNTO DE ACCESO ADICIONAL DE MATERIA--NOMBRE GEOGRÁFICO
Nombre geográfico México
Subdivisión general Descripción y viajes
9 (RLIN) 103
651 #4 - PUNTO DE ACCESO ADICIONAL DE MATERIA--NOMBRE GEOGRÁFICO
Nombre geográfico México
Subdivisión general Vida social y costumbres
9 (RLIN) 769
902 ## - CATALOGADOR
Iniciales GFM
942 ## - ELEMENTOS DE PUNTO DE ACCESO ADICIONAL (KOHA)
Fuente del sistema de clasificación o colocación Library of Congress Classification
Tipo de ítem Koha Libros
Holdings
Estado de retiro Estado de pérdida Estado dañado No para préstamo Localización permanente Ubicación/localización actual Fecha de adquisición Número de inventario Total de préstamos Signatura topográfica completa Código de barras Fecha visto por última vez Precio válido a partir de Tipo de ítem Koha
El ejemplar forma parte de la colección y puede ser consultado según las políticas vigentes.       Biblioteca del Museo Franz Mayer (Rogerio Casas-Alatriste) Biblioteca del Museo Franz Mayer (Rogerio Casas-Alatriste) 31/08/2011 CEF80   F1213 .C35 4 1843 (CEF80) 6834 22/03/2019 22/03/2019 Libros